[Event "BL 1213 Turm Emsdetten - SG Turm Trier"]
[Site "?"]
[Date "2012.11.10"]
[Round "3.3"]
[White "Howell, David W L"]
[Black "Janssen, Ruud"]
[Result "1-0"]
[WhiteElo "2634"]
[BlackElo "2483"]
[PlyCount "111"]
[EventDate "2012.??.??"]

1. Nf3 Nf6 2. c4 e6 3. g3 a6 4. Nc3 d5 5. cxd5 exd5 6. Bg2 Be7 7. O-O O-O 8. d4
c6 9. Bf4 Bf5 10. Qb3 Ra7 11. Ne5 a5 12. f3 b5 13. Qd1 Qb6 14. e4 Be6 15. Kh1
Rd8 16. Be3 a4 17. Rc1 a3 18. b3 Na6 19. Ne2 Rc7 20. Nd3 Qb7 21. Nef4 Bc8 22.
Qd2 c5 23. e5 Ne8 24. dxc5 d4 25. Bg1 Nxc5 26. Nxc5 Bxc5 27. Nd3 Be7 28. f4 Qb6
29. Rxc7 Nxc7 30. Rc1 Bb7 31. Bxb7 Qxb7+ 32. Qg2 Qxg2+ 33. Kxg2 Na6 34. Rd1 f5
35. exf6 gxf6 36. Kf3 Bb4 37. Rc1 Bc3 38. Rc2 Kf7 39. Bf2 f5 40. Ke2 Re8+ 41.
Kf3 h5 42. h3 Rd8 43. g4 hxg4+ 44. hxg4 fxg4+ 45. Kxg4 Nb4 46. Rxc3 dxc3 47.
Nxb4 Rd1 48. Kf3 Ke6 49. Be3 Kf5 50. Nc2 Rf1+ 51. Ke2 Rb1 52. Kd3 Rb2 53. Nxa3
Rxa2 54. Nxb5 Kg4 55. Kxc3 Kf3 56. Kd3 1-0

[Event "BL 1213 Turm Emsdetten - SG Turm Trier"]
[Site "?"]
[Date "2012.11.10"]
[Round "3.5"]
[White "Cyborowski, Lukasz"]
[Black "Kuipers, Stefan"]
[Result "1/2-1/2"]
[WhiteElo "2530"]
[BlackElo "2434"]
[PlyCount "55"]
[EventDate "2012.??.??"]

1. Nf3 d5 2. c4 c6 3. d4 Nf6 4. Nbd2 Bf5 5. Nh4 Be4 6. e3 e6 7. Be2 Nbd7 8. O-O
Bd6 9. Nhf3 O-O 10. b3 Qe7 11. Bb2 Bxf3 12. Bxf3 Ba3 13. Qc1 Bxb2 14. Qxb2 Rfd8
15. Rfd1 Nf8 16. Rac1 Ng6 17. cxd5 cxd5 18. Rc3 e5 19. Rdc1 exd4 20. Rc7 Rd7
21. Rxd7 Qxd7 22. Qxd4 Nf8 23. Be2 Ne6 24. Qb2 d4 25. Nc4 dxe3 26. Nxe3 Nf4 27.
Rd1 Nxe2+ 28. Qxe2 1/2-1/2

[Event "BL 1213 Turm Emsdetten - SG Turm Trier"]
[Site "?"]
[Date "2012.11.10"]
[Round "3.6"]
[White "Zumsande, Martin"]
[Black "Gonda, Laszlo"]
[Result "1-0"]
[WhiteElo "2418"]
[BlackElo "2528"]
[PlyCount "57"]
[EventDate "2012.??.??"]

1. e4 e5 2. Nf3 Nc6 3. d4 exd4 4. Nxd4 Bc5 5. Nxc6 Qf6 6. Qf3 bxc6 7. Nc3 Bd4
8. Qg3 Ne7 9. Bd2 O-O 10. f4 Rb8 11. O-O-O c5 12. f5 Qb6 13. b3 Bb7 14. Bc4 Ba6
15. Na4 Qc6 16. Bxa6 Qxa6 17. c3 Bf6 18. e5 Nxf5 19. Qf4 c4 20. exf6 cxb3 21.
axb3 Rxb3 22. Kc2 Rfb8 23. Ra1 Nd6 24. Rhe1 Nc4 25. Bc1 gxf6 26. Qg4+ Kh8 27.
Bh6 Rxc3+ 28. Kxc3 Qa5+ 29. Kc2 1-0

[Event "BL 1213 Turm Emsdetten - SG Turm Trier"]
[Site "?"]
[Date "2012.11.10"]
[Round "3.7"]
[White "Gordon, Stephen"]
[Black "Fiebig, Thomas"]
[Result "1/2-1/2"]
[WhiteElo "2556"]
[BlackElo "2402"]
[PlyCount "223"]
[EventDate "2012.??.??"]

1. Nf3 d5 2. c4 e6 3. g3 Nf6 4. Bg2 c5 5. cxd5 exd5 6. d4 Nc6 7. O-O c4 8. b3
cxb3 9. Qxb3 Be7 10. Ba3 O-O 11. Nc3 Be6 12. Rfc1 Rc8 13. Bxe7 Qxe7 14. Qa4 Nd7
15. e3 Nb6 16. Qb5 Qa3 17. Qb3 Qe7 18. Nd2 Na5 19. Qb5 Qa3 20. Nb3 Nxb3 21.
Qxb3 Qxb3 22. axb3 a6 23. Kf1 Rc7 24. Ke2 Rfc8 25. Kd2 Kf8 26. Ra5 Ke8 27. Bf1
Kd7 28. f3 h6 29. b4 Nc4+ 30. Bxc4 Rxc4 31. b5 axb5 32. Rxb5 R8c7 33. Ne2 Rxc1
34. Nxc1 Kc6 35. Rb2 b6 36. Ne2 Ra7 37. Rc2+ Kd6 38. Nc3 Bd7 39. Rb2 Ra6 40. e4
dxe4 41. fxe4 f6 42. Kd3 Bc6 43. Rb3 Kc7 44. Rb1 Ra3 45. Kc4 Ra5 46. d5 Bd7 47.
Kd4 Ra6 48. e5 fxe5+ 49. Kxe5 Ra5 50. Rc1 Kd8 51. Rf1 Ke7 52. Rb1 b5 53. Kd4
Kd6 54. Ne4+ Ke7 55. Nc3 Kd6 56. Ne4+ Ke7 57. d6+ Ke8 58. Nc5 Ra2 59. Re1+ Kd8
60. Kc3 b4+ 61. Kxb4 Rd2 62. Kc3 Rd5 63. Kc4 Rd2 64. Ra1 Bc6 65. Ne6+ Kd7 66.
Nd4 Rxh2 67. Ra7+ Kxd6 68. Ra6 Rg2 69. Rxc6+ Ke7 70. Kd5 Kf7 71. Nf5 g6 72.
Nd6+ Kg7 73. Rc7+ Kf8 74. Ne4 Rg1 75. Ke5 Rf1 76. Rc6 Kg7 77. Rf6 Ra1 78. Rc6
Rf1 79. Rc7+ Kf8 80. Rc2 Kg7 81. Rf2 Ra1 82. Kf4 Ra4 83. Rd2 h5 84. Rd3 Kh6 85.
Kf3 Ra1 86. Nf2 Ra4 87. Nh3 Ra6 88. Re3 g5 89. Nf2 g4+ 90. Kg2 Ra2 91. Re6+ Kg5
92. Re5+ Kh6 93. Rd5 Kg6 94. Kf1 Kh6 95. Rd6+ Kg5 96. Rd5+ Kh6 97. Rd8 Kg5 98.
Rg8+ Kf5 99. Rh8 Kg5 100. Rg8+ Kf5 101. Rf8+ Kg5 102. Rh8 Ra3 103. Kg2 Ra2 104.
Rg8+ Kf5 105. Kf1 Ra3 106. Rf8+ Kg6 107. Kg2 Ra2 108. Rf4 Kh6 109. Rd4 Rb2 110.
Rd6+ Kg5 111. Rd5+ Kh6 112. Kf1 1/2-1/2

[Event "BL 1213 Turm Emsdetten - SG Turm Trier"]
[Site "?"]
[Date "2012.11.10"]
[Round "3.8"]
[White "Richter, Christian"]
[Black "Jaracz, Pawel"]
[Result "1/2-1/2"]
[WhiteElo "2365"]
[BlackElo "2541"]
[PlyCount "52"]
[EventDate "2012.??.??"]

1. d4 d5 2. c4 dxc4 3. Nf3 Nf6 4. e3 e6 5. Bxc4 a6 6. O-O Nbd7 7. a4 b6 8. Nc3
Bb7 9. Qe2 Bb4 10. Bd3 Qe7 11. e4 e5 12. Bg5 O-O 13. dxe5 Nxe5 14. Nxe5 Qxe5
15. Bxf6 Qxf6 16. Nd5 Bxd5 17. exd5 a5 18. Qc2 Qh6 19. g3 Bc5 20. Rae1 Rae8 21.
Bb5 Rxe1 22. Rxe1 Qh5 23. Bc4 Qf3 24. Qe2 Qf6 25. Kg2 Rd8 26. Qc2 Bd6 1/2-1/2

[Event "BL 1213 SC Eppingen - Schachfr. Berlin"]
[Site "?"]
[Date "2012.11.10"]
[Round "3.1"]
[White "Kraemer, Martin"]
[Black "Tiviakov, Sergei"]
[Result "1/2-1/2"]
[WhiteElo "2520"]
[BlackElo "2659"]
[PlyCount "77"]
[EventDate "2012.??.??"]

1. d4 Nf6 2. c4 e6 3. Nc3 Bb4 4. Qc2 O-O 5. a3 Bxc3+ 6. Qxc3 d6 7. Nf3 b6 8. g3
Bb7 9. Bg2 Nbd7 10. O-O c5 11. b4 cxd4 12. Qxd4 d5 13. cxd5 Bxd5 14. Bb2 Rc8
15. Rac1 Re8 16. Rfe1 h6 17. Rxc8 Qxc8 18. e4 e5 19. Qd3 Bc4 20. Qe3 Qb8 21.
Rc1 b5 22. a4 Qd6 23. Qe1 a6 24. a5 Nb8 25. Rd1 Qc7 26. Nd2 Be6 27. Nf1 Nc6 28.
Ne3 Bb3 29. Rd3 Bc4 30. Rc3 Nd4 31. Kh1 Rc8 32. Rc1 Qd7 33. Rd1 Bb3 34. Rd2 Qd6
35. Rd3 Bc4 36. Rd1 Bb3 37. Rd3 Bc4 38. Rd1 Bb3 39. Rd3 1/2-1/2

[Event "BL 1213 SC Eppingen - Schachfr. Berlin"]
[Site "?"]
[Date "2012.11.10"]
[Round "3.3"]
[White "Schneider, Ilja"]
[Black "Postny, Evgeny"]
[Result "1/2-1/2"]
[WhiteElo "2489"]
[BlackElo "2647"]
[PlyCount "69"]
[EventDate "2012.??.??"]

1. d4 d5 2. c4 dxc4 3. Nf3 Nf6 4. e3 e6 5. Bxc4 a6 6. O-O b5 7. Bd3 Bb7 8. a4
b4 9. Nbd2 c5 10. e4 Nc6 11. e5 Nd7 12. Ne4 Nxd4 13. Nxd4 cxd4 14. Bf4 Qa5 15.
Re1 Be7 16. Qh5 g6 17. Qh6 O-O-O 18. Qg7 Bxe4 19. Bxe4 Rdf8 20. Qh6 Nc5 21. Bg5
Bxg5 22. Qxg5 Kb8 23. Qd2 Rc8 24. Qxd4 Rhd8 25. Qe3 Nxe4 26. Qxe4 Qc5 27. Rad1
a5 28. h3 Rxd1 29. Rxd1 Qc2 30. Qd4 Qc5 31. Qf4 Qc2 32. Rd2 Qc4 33. Qe3 Qc5 34.
Qe2 Qc4 35. Qe3 1/2-1/2

[Event "BL 1213 SC Eppingen - Schachfr. Berlin"]
[Site "?"]
[Date "2012.11.10"]
[Round "3.4"]
[White "Acs, Peter"]
[Black "Michalik, Peter"]
[Result "1-0"]
[WhiteElo "2586"]
[BlackElo "2508"]
[PlyCount "109"]
[EventDate "2012.??.??"]

1. d4 d5 2. c4 c6 3. Nf3 Nf6 4. e3 Bg4 5. Nc3 e6 6. Qb3 Qb6 7. Nh4 Bh5 8. h3
Na6 9. g4 Bg6 10. Nxg6 hxg6 11. Bg2 Nc7 12. Bd2 Be7 13. Rc1 Nd7 14. Na4 Qxb3
15. axb3 Nb6 16. Ba5 Nxa4 17. Bxc7 Nb6 18. e4 dxe4 19. Bxe4 Rc8 20. Bf4 f5 21.
Bg2 Bf6 22. Be3 g5 23. gxf5 exf5 24. d5 f4 25. Bxb6 axb6 26. Rc2 Kd7 27. Kd2
Kd6 28. Kd3 Rce8 29. b4 c5 30. bxc5+ bxc5 31. Be4 b6 32. Bf5 Ra8 33. Re2 Rhe8
34. Rxe8 Rxe8 35. Ra1 f3 36. Be6 Bd4 37. Ra7 Re7 38. Ra8 Bxf2 39. Ke4 Bd4 40.
Kxf3 Ke5 41. b3 b5 42. cxb5 Rb7 43. Re8 Kd6 44. Ke4 Bf6 45. Rc8 Rb6 46. Kf5 Be7
47. Ra8 g6+ 48. Kxg6 Ke5 49. Re8 Bd6 50. Kxg5 Kd4 51. h4 Rxb5 52. h5 Rxb3 53.
h6 Be5 54. d6 Rg3+ 55. Bg4 1-0

[Event "BL 1213 SC Eppingen - Schachfr. Berlin"]
[Site "?"]
[Date "2012.11.10"]
[Round "3.5"]
[White "Lauber, Arnd"]
[Black "Ruck, Robert"]
[Result "0-1"]
[WhiteElo "2465"]
[BlackElo "2567"]
[PlyCount "74"]
[EventDate "2012.??.??"]

1. d4 Nf6 2. c4 e6 3. Nc3 Bb4 4. e3 O-O 5. Bd3 c5 6. Nf3 d5 7. O-O cxd4 8. exd4
dxc4 9. Bxc4 b6 10. Bg5 Bb7 11. Re1 Nbd7 12. Rc1 Rc8 13. Qb3 Bxc3 14. Rxc3 h6
15. Bh4 Qe8 16. Ne5 Nxe5 17. dxe5 Ne4 18. Rh3 Qc6 19. Bb5 Qc2 20. Qe3 Qxb2 21.
Bd3 Rc3 22. Qf4 g5 23. Bxg5 hxg5 24. Rg3 Rfc8 25. Bxe4 Rxg3 26. Bh7+ Kf8 27.
Qxg3 Rc1 28. Qe3 Rxe1+ 29. Qxe1 Qxa2 30. f3 Qc4 31. Qa1 a5 32. h3 Kg7 33. Qb1
b5 34. Kh1 b4 35. Bc2 Qd4 36. Qe1 Bd5 37. Bb1 b3 0-1

[Event "BL 1213 SC Eppingen - Schachfr. Berlin"]
[Site "?"]
[Date "2012.11.10"]
[Round "3.6"]
[White "Braun, Arik"]
[Black "Polzin, Rainer"]
[Result "1/2-1/2"]
[WhiteElo "2556"]
[BlackElo "2465"]
[PlyCount "151"]
[EventDate "2012.??.??"]

1. d4 Nf6 2. c4 g6 3. Nc3 Bg7 4. e4 d6 5. f3 O-O 6. Be3 c5 7. dxc5 dxc5 8. Qxd8
Rxd8 9. Bxc5 Nc6 10. Nge2 Nd7 11. Bf2 Nde5 12. Nf4 b6 13. Nfd5 e6 14. Nc7 Rb8
15. Bh4 Nd3+ 16. Bxd3 Rxd3 17. Ke2 Rd7 18. Bg3 Be5 19. N7b5 Bxg3 20. hxg3 a6
21. Na3 b5 22. cxb5 axb5 23. Naxb5 Ba6 24. a4 Nd4+ 25. Kf2 Bxb5 26. axb5 Nxb5
27. Rhd1 Rc7 28. Ne2 e5 29. Rd2 Rcb7 30. g4 Nd4 31. Nxd4 exd4 32. Rxd4 Rxb2+
33. Kg3 h6 34. Rad1 Re2 35. R1d2 Rb2 36. Rxb2 Rxb2 37. Rd3 Re2 38. Kh2 Re1 39.
Rd2 Kg7 40. Kg3 Kf6 41. Rb2 Ra1 42. Kf4 Ra5 43. Rd2 Rb5 44. Rd6+ Ke7 45. Rd2
Ke6 46. Ra2 Rc5 47. Ke3 Rb5 48. f4 Rb3+ 49. Kf2 Rb4 50. Re2 Ra4 51. Kf3 Ra3+
52. Re3 Ra4 53. Rb3 Ra6 54. Rd3 Rb6 55. Ra3 Rc6 56. f5+ Ke5 57. Ra5+ Kf6 58.
Kf4 g5+ 59. Ke3 Rc4 60. Kd3 Rb4 61. Rc5 Ra4 62. e5+ Ke7 63. Rc4 Ra2 64. Rc7+
Ke8 65. Rc2 Ra4 66. Rc4 Ra2 67. Ke4 Rxg2 68. Kd5 Rd2+ 69. Rd4 Ra2 70. f6 Ra5+
71. Ke4 Ra1 72. Rb4 Re1+ 73. Kd5 Rd1+ 74. Ke4 Re1+ 75. Kd5 Rd1+ 76. Ke4 1/2-1/2

[Event "BL 1213 SC Eppingen - Schachfr. Berlin"]
[Site "?"]
[Date "2012.11.10"]
[Round "3.8"]
[White "Noe, Christopher"]
[Black "Agopov, Mikael"]
[Result "0-1"]
[WhiteElo "2192"]
[BlackElo "2427"]
[PlyCount "100"]
[EventDate "2012.??.??"]

1. e4 c5 2. Nf3 d6 3. d3 Nc6 4. g3 Nf6 5. Bg2 Bg4 6. h3 Bh5 7. O-O e6 8. Re1
Be7 9. c3 d5 10. Nbd2 O-O 11. Qe2 Qc7 12. e5 Nd7 13. g4 Bg6 14. Nf1 Rae8 15.
Bf4 Qb6 16. Rad1 f6 17. exf6 Bxf6 18. Bg3 Qa6 19. a3 e5 20. Ne3 Nb6 21. g5 Bd8
22. Nh4 Bf7 23. Nef5 Be6 24. Nd6 Re7 25. b4 Qxa3 26. Ra1 Qxc3 27. Nb5 Qxb4 28.
Reb1 Nd4 29. Qd1 Qxb5 30. Rxb5 Nxb5 31. Bxe5 Bc7 32. Bxc7 Rxc7 33. Nf3 c4 34.
Qe1 Re8 35. dxc4 dxc4 36. Ne5 c3 37. f4 Nd4 38. Be4 Nd7 39. Nd3 Bf7 40. Ne5
Nxe5 41. fxe5 Rxe5 42. Bxh7+ Kh8 43. Qb1 g6 44. Qb4 Ne2+ 45. Kf2 Kxh7 46. Rxa7
c2 47. Ra8 Be8 48. Qh4+ Kg8 49. Qh6 Rf7+ 50. Kg2 Nf4+ 0-1

[Event "BL 1213 SV Hockenheim - SC Forchheim"]
[Site "?"]
[Date "2012.11.10"]
[Round "3.1"]
[White "Jansa, Vlastimil"]
[Black "Buhmann, Rainer"]
[Result "1/2-1/2"]
[WhiteElo "2451"]
[BlackElo "2584"]
[PlyCount "108"]
[EventDate "2012.??.??"]

1. e4 e5 2. Nf3 Nc6 3. Bb5 Nf6 4. d3 Bc5 5. c3 O-O 6. O-O d6 7. Nbd2 Bb6 8. Nc4
Ne7 9. Ba4 Ng6 10. Re1 c6 11. Nxb6 axb6 12. Bc2 h6 13. h3 Be6 14. a3 b5 15. d4
Re8 16. Be3 Qc7 17. Nd2 Rad8 18. Qf3 Qe7 19. Rad1 Nh4 20. Qg3 Nh5 21. Qh2 Ng6
22. g3 Qf8 23. f4 exf4 24. gxf4 f5 25. d5 cxd5 26. exf5 Bxf5 27. Bb3 Nf6 28.
Bd4 Kh8 29. Nf1 Be4 30. Ne3 Nh4 31. Rf1 Nf3+ 32. Rxf3 Bxf3 33. Rf1 Be4 34. f5
Rd7 35. Qf4 Rf7 36. Kh2 Bd3 37. Rg1 Re4 38. Qf3 Rfe7 39. Rd1 Rxd4 40. cxd4 Be4
41. Qf4 Qe8 42. Re1 Bd3 43. Bd1 Re4 44. Qg3 Rxd4 45. Nxd5 Be4 46. Nxf6 gxf6 47.
Bf3 d5 48. Kg1 Rd3 49. Qf4 Qg8+ 50. Kh2 Qg5 51. Qb8+ Qg8 52. Qxg8+ Kxg8 53.
Bxe4 dxe4 54. Rxe4 Rd2+ 1/2-1/2

[Event "BL 1213 SV Hockenheim - SC Forchheim"]
[Site "?"]
[Date "2012.11.10"]
[Round "3.2"]
[White "Lenic, Luka"]
[Black "Seyb, Alexander"]
[Result "1-0"]
[WhiteElo "2633"]
[BlackElo "2310"]
[PlyCount "135"]
[EventDate "2012.??.??"]

1. d4 d5 2. c4 c6 3. e3 Nf6 4. Nc3 a6 5. Nf3 b5 6. c5 Nbd7 7. a3 a5 8. Rb1 g6
9. b4 axb4 10. axb4 Ne4 11. Bb2 Nxc3 12. Bxc3 Bg7 13. Ra1 Bb7 14. Bd3 O-O 15.
O-O Qc7 16. Nd2 Rxa1 17. Qxa1 Ra8 18. Qb2 Nf6 19. Ra1 Qb8 20. Rxa8 Qxa8 21. Nb3
Bc8 22. Na5 Bf5 23. Bf1 h5 24. Qe2 Bd7 25. f3 Qe8 26. Qf2 Bf5 27. h3 Qc8 28.
Qe2 Kf8 29. Be1 Ke8 30. Bg3 Bh6 31. Kf2 Nd7 32. Qa2 Qa8 33. Qe2 Bg7 34. Kg1 Be6
35. Qe1 Bf5 36. Kh1 Qc8 37. Bh2 Bh6 38. e4 Be6 39. Bd3 Bg7 40. Qe3 Kf8 41. Bg3
Nf6 42. Kh2 Ne8 43. Qf4 Nf6 44. Bh4 Ng8 45. g4 hxg4 46. hxg4 dxe4 47. Bxe4 Bxd4
48. Nxc6 Qd7 49. g5 Bc3 50. Bg3 f5 51. Qb8+ Kg7 52. Be5+ Bxe5+ 53. Qxe5+ Kf7
54. Qc3 Qc7+ 55. Ne5+ Kg7 56. Bd3 Nf6 57. f4 Nd5 58. Qd4 Kh7 59. Bxb5 Qb7 60.
Be8 Qxb4 61. Qxb4 Nxb4 62. Bxg6+ Kg7 63. Be8 Nd5 64. Kg3 Nc7 65. Bd7 Bxd7 66.
Nxd7 Kf7 67. Ne5+ Ke6 68. c6 1-0

[Event "BL 1213 SV Hockenheim - SC Forchheim"]
[Site "?"]
[Date "2012.11.10"]
[Round "3.3"]
[White "Zwanzger, Johannes"]
[Black "Baramidze, David"]
[Result "1/2-1/2"]
[WhiteElo "2326"]
[BlackElo "2615"]
[PlyCount "176"]
[EventDate "2012.??.??"]

1. e4 e5 2. Nf3 Nc6 3. Bb5 a6 4. Ba4 Nf6 5. O-O Be7 6. Re1 b5 7. Bb3 d6 8. c3
O-O 9. h3 Nb8 10. d4 Nbd7 11. Nbd2 Bb7 12. Bc2 Re8 13. Nf1 Bf8 14. Ng3 g6 15.
b3 Bg7 16. d5 Qb8 17. a4 c6 18. dxc6 Bxc6 19. axb5 axb5 20. Rxa8 Bxa8 21. Qe2
d5 22. exd5 Nxd5 23. c4 Nb4 24. Be4 Bxe4 25. Nxe4 f5 26. cxb5 Rc8 27. Neg5 e4
28. Nxe4 fxe4 29. Qxe4 Qd6 30. Ba3 Bc3 31. Rc1 Nf6 32. Qh4 Nfd5 33. Ng5 Qe7 34.
b6 Rc6 35. Bxb4 Nxb4 36. Qg4 Nd3 37. Rd1 Ne5 38. Qg3 Ba5 39. Rd5 Bxb6 40. Rxe5
Rc1+ 41. Kh2 Qxe5 42. Qxe5 Bc7 43. Qxc7 Rxc7 44. Kg3 Rc3+ 45. Kh2 Rxb3 46. h4
Rb4 47. g3 Kg7 48. Kg2 Rb3 49. Nh3 Kf6 50. Ng5 Rb7 51. Kf3 Kf5 52. Nh3 Ra7 53.
Ng5 Ke5 54. Kg2 Kd4 55. Kf3 Kd3 56. Nh3 Kd2 57. Ng5 h6 58. Nh3 Ke1 59. Kg2 Ra2
60. Kg1 Ke2 61. Kg2 Ke1 62. Kg1 Ra5 63. Kg2 Ra6 64. Ng1 Kd2 65. Nh3 Kd3 66.
Nf4+ Ke4 67. Nh3 Rf6 68. Ng1 Kf5 69. Nh3 Kg4 70. Ng1 Ra6 71. Nh3 Ra4 72. Ng1
Kf5 73. Nh3 Rb4 74. Ng1 Rb2 75. Kf3 Rb3+ 76. Kg2 Ke4 77. Nh3 Rb2 78. Ng1 g5 79.
hxg5 hxg5 80. Nf3 Rb5 81. Nh2 Kf5 82. Nf1 Rb4 83. Nh2 g4 84. Kg1 Ra4 85. Kg2
Ke5 86. Kg1 Re4 87. f3 gxf3 88. Nxf3+ Kf5 1/2-1/2

[Event "BL 1213 SV Hockenheim - SC Forchheim"]
[Site "?"]
[Date "2012.11.10"]
[Round "3.4"]
[White "Saric, Ivan"]
[Black "Heidrich, Manfred"]
[Result "1-0"]
[WhiteElo "2625"]
[BlackElo "2296"]
[PlyCount "107"]
[EventDate "2012.??.??"]

1. e4 c5 2. Nf3 Nc6 3. d4 cxd4 4. Nxd4 e5 5. Nb5 a6 6. Nd6+ Bxd6 7. Qxd6 Qf6 8.
Qxf6 Nxf6 9. Nc3 Nb4 10. Kd2 d6 11. f3 Be6 12. a3 Nc6 13. Ke1 d5 14. exd5 Nxd5
15. Nxd5 Bxd5 16. Be3 O-O-O 17. Kf2 Be6 18. Bd3 f6 19. Rad1 Ne7 20. Bc5 Nd5 21.
g3 Kc7 22. a4 b6 23. Ba3 a5 24. c3 Kb8 25. Bc2 Rd7 26. Rd2 h6 27. f4 Rhd8 28.
fxe5 fxe5 29. Rhd1 Bg4 30. Re1 Nf6 31. Rxd7 Rxd7 32. Ke3 Nd5+ 33. Ke4 Nf6+ 34.
Kxe5 Rd2 35. Bb3 Kc7 36. h4 Rd3 37. Rg1 Nd7+ 38. Ke4 Rd2 39. Bc4 Nc5+ 40. Ke3
Rh2 41. Rf1 Nxa4 42. Rf7+ Kc6 43. Rxg7 h5 44. Rg6+ Kb7 45. Bd5+ Ka6 46. Rg8 b5
47. Ra8+ Kb6 48. Rb8+ Ka6 49. Bc6 Nxb2 50. Bc5 Re2+ 51. Kd4 Rd2+ 52. Ke5 Nd3+
53. Kd6 Nb4+ 54. Kc7 1-0

[Event "BL 1213 SV Hockenheim - SC Forchheim"]
[Site "?"]
[Date "2012.11.10"]
[Round "3.5"]
[White "Doeres, Hans-Juergen"]
[Black "Ribli, Zoltan"]
[Result "0-1"]
[WhiteElo "2226"]
[BlackElo "2554"]
[PlyCount "80"]
[EventDate "2012.??.??"]

1. e4 c5 2. Nf3 e6 3. d3 Nc6 4. Nbd2 d5 5. g3 Bd6 6. Bg2 Nge7 7. O-O O-O 8. Re1
Qc7 9. c3 Bd7 10. a3 a5 11. a4 Rad8 12. Nb1 f6 13. Na3 Na7 14. Qb3 Kh8 15. Bd2
b6 16. Qc2 Qb8 17. Bh3 e5 18. Bxd7 Rxd7 19. Rad1 Qb7 20. Nh4 Rfd8 21. Bc1 c4
22. exd5 cxd3 23. Rxd3 Bxa3 24. bxa3 Rxd5 25. Red1 Rxd3 26. Rxd3 Rxd3 27. Qxd3
Qd5 28. Qe2 Nac6 29. Be3 Qb3 30. Qb5 Qxc3 31. Bxb6 g5 32. Ng2 Qc1+ 33. Qf1 Qxa3
34. Qd1 Qb4 35. Bd8 Ng8 36. Ne3 Qb8 37. Qd7 Nxd8 38. Nf5 Qb1+ 39. Kg2 Qb7+ 40.
Kg1 Qb8 0-1

[Event "BL 1213 SV Hockenheim - SC Forchheim"]
[Site "?"]
[Date "2012.11.10"]
[Round "3.6"]
[White "Banusz, Tamas"]
[Black "Huemmer, Bernd"]
[Result "1-0"]
[WhiteElo "2580"]
[BlackElo "2211"]
[PlyCount "93"]
[EventDate "2012.??.??"]

1. Nf3 Nf6 2. c4 e6 3. g3 b6 4. Bg2 Bb7 5. O-O Be7 6. Nc3 O-O 7. Re1 Ne4 8.
Nxe4 Bxe4 9. d3 Bb7 10. e4 c5 11. d4 d6 12. d5 e5 13. Re2 a6 14. Ne1 Nd7 15.
Bd2 b5 16. b3 Qb6 17. Nc2 Rfb8 18. Ne3 Qd8 19. f4 Bc8 20. Bc3 Bf6 21. Qd2 exf4
22. gxf4 Bxc3 23. Qxc3 f6 24. Bh3 Nf8 25. Bxc8 Rxc8 26. Nf5 Ng6 27. Rg2 Ra7 28.
Rf1 Kh8 29. h4 Rf7 30. Rf3 Ne7 31. Ne3 Ng8 32. Nf5 g6 33. Ng3 bxc4 34. bxc4 Rb8
35. Rf1 Nh6 36. Re1 Ng4 37. h5 Qd7 38. hxg6 hxg6 39. Nf1 Kg8 40. Ne3 Nxe3 41.
Qxe3 Kg7 42. Qg3 Rh8 43. Qxg6+ Kf8 44. Rb1 Rhh7 45. Qg8+ Ke7 46. Rb3 Rh3 47.
Rg7 1-0

[Event "BL 1213 SV Hockenheim - SC Forchheim"]
[Site "?"]
[Date "2012.11.10"]
[Round "3.7"]
[White "Seyb, Dieter"]
[Black "Paehtz, Elisabeth"]
[Result "0-1"]
[WhiteElo "2253"]
[BlackElo "2482"]
[PlyCount "80"]
[EventDate "2012.??.??"]

1. e4 e6 2. d4 d5 3. Nc3 Bb4 4. exd5 exd5 5. Bd3 Nc6 6. a3 Be7 7. Nge2 Bf6 8.
O-O Nge7 9. Bf4 Be6 10. Qd2 a6 11. Na4 b6 12. c3 Na5 13. Qc2 Qd7 14. Be5 Bxe5
15. dxe5 Nc4 16. Nd4 Nxe5 17. Nxe6 Qxe6 18. Rfe1 Qd6 19. c4 dxc4 20. Bxc4 O-O
21. Rad1 Qf6 22. Bf1 Ra7 23. Nc3 c5 24. Nd5 Nxd5 25. Rxd5 Nc6 26. Qc3 Nd4 27.
Rde5 a5 28. R5e3 g6 29. Bc4 Kg7 30. g3 Rd7 31. Bf1 Rd6 32. Bg2 Rfd8 33. Bh3 h5
34. Kg2 h4 35. Re4 hxg3 36. hxg3 Rh8 37. Rf4 Qg5 38. b4 axb4 39. axb4 Qd5+ 40.
f3 Qa2+ 0-1

[Event "BL 1213 SV Hockenheim - SC Forchheim"]
[Site "?"]
[Date "2012.11.10"]
[Round "3.8"]
[White "Rau, Hannes"]
[Black "Miller, Eduard"]
[Result "1-0"]
[WhiteElo "2438"]
[BlackElo "2151"]
[PlyCount "67"]
[EventDate "2012.??.??"]

1. d4 Nf6 2. c4 e6 3. Nc3 Bb4 4. e3 O-O 5. Nge2 d5 6. a3 Be7 7. cxd5 exd5 8. g3
c6 9. Bg2 Bf5 10. O-O Qd7 11. Nf4 Bd6 12. Nce2 a5 13. f3 h6 14. g4 Bh7 15. h4
Qe7 16. Qe1 Nfd7 17. Bh3 Nb6 18. Nc3 Re8 19. Qf2 Bxf4 20. exf4 N8d7 21. f5 Qd6
22. Ne2 c5 23. Bf4 Qc6 24. Rac1 c4 25. g5 Na4 26. Ng3 b5 27. Kh1 b4 28. Rg1
hxg5 29. hxg5 bxa3 30. bxa3 Ra6 31. Nh5 Rb6 32. Rce1 Rxe1 33. Qxe1 c3 34. g6
1-0

[Event "BL 1213 SG Solingen - SV Griesheim"]
[Site "?"]
[Date "2012.11.11"]
[Round "4.1"]
[White "Piorun, Kacper"]
[Black "Ragger, Markus"]
[Result "1-0"]
[WhiteElo "2520"]
[BlackElo "2655"]
[PlyCount "91"]
[EventDate "2012.??.??"]

1. e4 e5 2. Nf3 Nc6 3. Bb5 a6 4. Ba4 Nf6 5. O-O Be7 6. Re1 b5 7. Bb3 d6 8. c3
O-O 9. h3 Nb8 10. d4 Nbd7 11. Nbd2 Bb7 12. Bc2 Re8 13. a4 Bf8 14. Bd3 c6 15. b3
g6 16. Bb2 Bg7 17. Qc2 Qc7 18. Rad1 Nh5 19. Bf1 Rac8 20. Qb1 Qb6 21. Qa1 Nf4
22. c4 exd4 23. cxb5 axb5 24. Bxd4 Bxd4 25. Qxd4 Qxd4 26. Nxd4 Ne5 27. axb5 c5
28. Nc2 d5 29. exd5 Bxd5 30. Ne3 Ba8 31. Nec4 Ned3 32. Re3 Rcd8 33. Ra1 Nb4 34.
Rxe8+ Rxe8 35. Nd6 Rb8 36. Ra7 Bd5 37. Bc4 f5 38. Nf3 Rd8 39. Nf7 Ra8 40. Rxa8+
Bxa8 41. b6 Ne2+ 42. Kf1 Bxf3 43. Ne5+ Kf8 44. Nxf3 Nd4 45. Nxd4 cxd4 46. Bb5
1-0

[Event "BL 1213 SG Solingen - SV Griesheim"]
[Site "?"]
[Date "2012.11.11"]
[Round "4.4"]
[White "Smeets, Jan"]
[Black "Izsak, Gyula"]
[Result "1/2-1/2"]
[WhiteElo "2613"]
[BlackElo "2471"]
[PlyCount "111"]
[EventDate "2012.??.??"]

1. e4 c5 2. Nf3 e6 3. d4 cxd4 4. Nxd4 a6 5. Bd3 Nc6 6. Nxc6 dxc6 7. Nd2 e5 8.
Qh5 Bd6 9. Nc4 Nf6 10. Nxd6+ Qxd6 11. Qh4 Nd7 12. f4 Nc5 13. Qg3 Nxd3+ 14. cxd3
O-O 15. fxe5 Qb4+ 16. Bd2 Qxb2 17. Rd1 f6 18. O-O Qxe5 19. Qxe5 fxe5 20. Rxf8+
Kxf8 21. Bc3 Bg4 22. Rb1 b5 23. Bxe5 Rd8 24. d4 Be6 25. Kf2 a5 26. a3 Bc4 27.
Rc1 a4 28. Ke3 Rd7 29. Rd1 Ke8 30. h4 Rf7 31. Bf4 Kd7 32. g3 Re7 33. Re1 Re8
34. Kd2 Re7 35. Kc3 Bd5 36. Be5 Bc4 37. Kb4 Rf7 38. Bf4 Rf8 39. Kc5 g6 40. Re3
h5 41. d5 cxd5 42. exd5 Rc8+ 43. Kd4 Re8 44. Rf3 Rf8 45. d6 Be6 46. Kc5 Bc4 47.
Re3 Re8 48. Be5 Rf8 49. Kd4 Bb3 50. Re1 Bc4 51. Bf4 Re8 52. Rg1 Rf8 53. Ke5 Be6
54. Kd4 Bc4 55. Re1 Re8 56. Rxe8 1/2-1/2

[Event "BL 1213 SG Solingen - SV Griesheim"]
[Site "?"]
[Date "2012.11.11"]
[Round "4.5"]
[White "Horvath, Peter"]
[Black "L'Ami, Erwin"]
[Result "1/2-1/2"]
[WhiteElo "2434"]
[BlackElo "2631"]
[PlyCount "152"]
[EventDate "2012.??.??"]

1. d4 Nf6 2. Nf3 g6 3. c4 Bg7 4. Nc3 O-O 5. g3 d6 6. Bg2 c6 7. O-O Bf5 8. b3
Ne4 9. Bb2 Nxc3 10. Bxc3 Be4 11. Qd2 d5 12. Qe3 e6 13. Bh3 Bxf3 14. Qxf3 f5 15.
Qd3 Nd7 16. e3 Qe7 17. Rac1 a6 18. Bg2 Nf6 19. Rfd1 g5 20. a4 g4 21. Qe2 h5 22.
f4 gxf3 23. Bxf3 Bh6 24. Kh1 Rf7 25. Bxh5 Rh7 26. Bf3 Kf7 27. Rf1 Rah8 28. Rf2
Qc7 29. cxd5 cxd5 30. Bd2 Qb8 31. g4 Bf8 32. Rg1 Bd6 33. Rgg2 fxg4 34. Bxg4 Ke7
35. Bf3 Bg3 36. e4 Bxf2 37. e5 Bxd4 38. exf6+ Bxf6 39. Bxd5 Qe5 40. Bb4+ Ke8
41. Bc4 Qa1+ 42. Qe1 Qxe1+ 43. Bxe1 Be5 44. h4 Rg7 45. Bxe6 Re7 46. Rg6 Rg7 47.
Rxg7 Bxg7 48. Bd5 b6 49. Bc4 Bf6 50. Kg2 Bxh4 51. Bxh4 Rxh4 52. Bxa6 Kd7 53.
Bc4 Kd6 54. Kf3 Kc5 55. Ke2 Kb4 56. Kd2 Rh2+ 57. Kc1 Kc3 58. Kb1 Rg2 59. Ka1
Rb2 60. Be6 Kc2 61. Bd5 Kc1 62. Be6 Re2 63. Bc4 Rh2 64. Bd5 Rb2 65. Bc4 Kc2 66.
Bd5 Kc3 67. Bc4 Rd2 68. Kb1 Rh2 69. Ka1 Kb4 70. Kb1 Kc3 71. Ka1 b5 72. axb5 Rh8
73. Kb1 Ra8 74. Bd5 Ra5 75. Bc4 Ra7 76. Bd5 Ra5 1/2-1/2